| 000 | 00000nam 2200000za 4500 |
| 001 | 9.855650 |
| 003 | CaOODSP |
| 005 | 20221107155342 |
| 007 | cr ||||||||||| |
| 008 | 180423s2018 quc ob f000 0 fre d |
| 020 | |a9780660263540 |
| 040 | |aCaOODSP|bfre |
| 043 | |an-cn--- |
| 086 | 1 |aIu54-34/2018F-PDF |
| 245 | 00|aGuide du Bureau de la concurrence sur la tarification et les normes de service relatives aux fusions et aux services connexes |h[ressource électronique]. |
| 260 | |a[Gatineau, QC] : |bBureau de la concurrence Canada, |c2018. |
| 300 | |a23 p. |
| 500 | |aPubl. aussi en anglais sous le titre : Competition Bureau fees and service standards handbook for mergers and merger-related matters. |
| 500 | |aTitre de la couv. |
| 500 | |a« 2018-05-01. » |
| 504 | |aComprend des références bibliographiques. |
| 692 | 07|2gccst|aFusion |
| 692 | 07|2gccst|aFrais |
| 710 | 1 |aCanada. |bInnovation, sciences et développement économique Canada. |
| 710 | 1 |aCanada. |bBureau de la concurrence. |
| 775 | 08|tCompetition Bureau fees and service standards handbook for mergers and merger-related matters |w(CaOODSP)9.855648 |
| 795 | |tGuide du Bureau de la concurrence sur la tarification et les normes de service relatives aux fusions et aux services connexes |w(CaOODSP)9.841700 |
| 856 | 40|qPDF|s203 Ko|uhttps://publications.gc.ca/collections/collection_2018/isde-ised/Iu54-34-2018-fra.pdf |